[Event "ECU-ch Schools U15 Clas1"]
[Site "Chess.com INT"]
[Date "2020.11.05"]
[Round "5"]
[White "Araujo Ortega, Adrian"]
[Black "Castro Loarte, Jonathan Mauricio"]
[Result "0-1"]
[WhiteElo "179"]
[BlackElo "187"]
[PlyCount "66"]
[EventDate "2020.11.05"]
[EventType "swiss"]
[EventRounds "9"]
[EventCountry "ECU"]
[SourceTitle "EXT 2022"]
[Source "ChessBase"]
[SourceDate "2021.10.06"]
[SourceVersion "1"]
[SourceVersionDate "2021.10.06"]
[SourceQuality "1"]

1. e4 c5 2. Nf3 d6 3. Bc4 e6 4. c3 Be7 5. d4 cxd4 6. cxd4 a6 7. d5 e5 8. Nc3 Nf6 9. 0-0 0-0 10. Be3 b5 11. Bb3 b4 12. Ne2 Bb7 13. Ng3 Nbd7 14. Nf5 Ng4 15. h3 Nxe3 16. fxe3 g6 17. Nh6+ Kg7 18. Ng4 Bg5 19. Qe2 h5 20. Nf2 Bh4 21. Nxh4 Qxh4 22. Nd3 Qxe4 23. Nf2 Qh4 24. Rad1 Qe7 25. Ne4 f5 26. Ng3 Nf6 27. e4 f4 28. Nh1 a5 29. Nf2 Ba6 30. Nd3 Nd7 31. Rc1 Nb6 32. Qc2 Rac8 33. Qd2 a4 0-1

[Event "ECU-ch Schools U15 Clas1"]
[Site "Chess.com INT"]
[Date "2020.11.05"]
[Round "6"]
[White "Loarte Jimenez, Edison Eduardo"]
[Black "Araujo Ortega, Adrian"]
[Result "0-1"]
[WhiteElo "189"]
[BlackElo "179"]
[PlyCount "94"]
[EventDate "2020.11.05"]
[EventType "swiss"]
[EventRounds "9"]
[EventCountry "ECU"]
[SourceTitle "EXT 2022"]
[Source "ChessBase"]
[SourceDate "2021.10.06"]
[SourceVersion "1"]
[SourceVersionDate "2021.10.06"]
[SourceQuality "1"]

1. e4 e5 2. Nc3 Nf6 3. Nf3 Bc5 4. h3 0-0 5. Nxe5 d6 6. Nf3 Be6 7. Be2 Nc6 8. d4 Bb6 9. d5 Bxd5 10. exd5 Ne7 11. Be3 c5 12. a3 Re8 13. Qd2 Nf5 14. Bd3 Nd4 15. Na2 Nxf3+ 16. gxf3 Nxd5 17. Bb5 Re7 18. Qxd5 a6 19. Bc4 Ba5+ 20. c3 b5 21. Bd3 c4 22. Bb1 Re5 23. Qd4 f6 24. f4 Re6 25. Rg1 Qe7 26. f3 Rxe3+ 27. Kd2 Rxf3 28. Be4 Rf2+ 29. Ke3 Rxb2 30. Rgf1 f5 31. Kf3 fxe4+ 32. Kg3 e3 33. Rfe1 e2 34. Rxe2 Rxe2 35. Qd3 Re1 36. Kf2 Rxa1 37. Qd2 Qf6 38. Kg3 Rg1+ 39. Kf3 Rh1 40. Ke3 Rxh3+ 41. Ke2 Rh2+ 42. Ke1 Rxd2 43. Kf1 Qxf4+ 44. Ke1 Qe3+ 45. Kf1 Qh3+ 46. Ke1 Rxa2 47. Kd1 Qh1# 0-1